000 00310nam a22001337a 4500
008 171027b xxu||||| |||| 00| 0 eng d
020 _a9780030754746
041 _aeng
080 _210 ED
_a336
100 _a55
101 _aMEN
245 _aESSENTIALS MANAGERIAL FINANCE
_cWESTON.K.F
942 _2udc
_cBK
999 _c36060
_d36060